000 00542cam a2200145 4500500
005 20260405001400.0
041 _afre
042 _adc
100 1 0 _aLanghade, Jacques
_eauthor
245 0 0 _aNadine Picaudou , L’islam entre religion et idéologie , Essai sur la modernité musulmane. Gallimard, 2010, 310 pages, 21 €
260 _c2010.
500 _a22
786 0 _nÉtudes | Tom 413 | 11 | 2010-10-29 | p. XLII-XLII | 0014-1941
856 4 1 _uhttps://shs.cairn.info/revue-etudes-2010-11-page-XLII?lang=fr&redirect-ssocas=7080
999 _c2047047
_d2047047